| 000 | 01550nac a2200277 a 4500 | ||
|---|---|---|---|
| 003 | CO-PeBPM | ||
| 005 | 20250508183142.0 | ||
| 007 | ta | ||
| 008 | 250508s1998 ck |||| |||| 00| 0 spa d | ||
| 020 | _aISBN: 9589603017 | ||
| 040 |
_aCO-PeBPM _bspa _cCO-PeBPM _erda |
||
| 041 | _aspa | ||
| 082 | 0 | 4 |
_a158.1 D946a _222 |
| 100 | 1 | 0 |
_aDuque Linares, Jorge _eautor |
| 245 | 1 | 0 |
_aActitud positiva _c / Jorge Duque Linares |
| 250 | _aQuinta edición | ||
| 260 |
_a[Bogotá]. Colombia _b: Panamericana _c, 1998 |
||
| 300 |
_a217 páginas _c21,5 centimetros |
||
| 500 | _aIncluye índice al final del texto | ||
| 500 | _aContiene datos biográficos del autor en la solapa del texto | ||
| 504 | _aIncluye bibliografía al final del texto | ||
| 520 | _aNada le será negado en ninigún campo si toma conciencia de su valor humano. Usted siente, piensa y actua. No puede negarse a sí mismo estas certezas, a menos que haya muerto. Si está vivo, es porque, tiene ahora en sus manos, el material que se requiere para alcanzar el éxito, la plenitud, la felicidad: espiritual, mental, familiar, económica, social y física. Con claridad, este libro hace las veces de un límpido espejo en el cual todo lector, novicio en estos temas o estudioso de los mismos, puede observarse a si mismo y contribuir a imprimirle un cambio radical a cuanto le impide alcanzar las metas con las cuales siempre ha soñado... tomado de la contracubierta del libro. | ||
| 650 | 1 | 4 |
_aCrecimiento personal _2LEMB |
| 650 | 1 | 4 |
_aActitud (Psicología) _2LEMB |
| 942 |
_2ddc _cBK _n0 |
||
| 999 |
_c60812 _d60812 |
||